000 00258nam a22001217a 4500
008 170206b xxu||||| |||| 00| 0 eng d
041 _aeng
080 _a61
100 _a3
101 _aSHM
245 _aMENAGEMENT OF STROKE
_cHAROLD ADAMS
942 _2udc
_cBK
999 _c4768
_d4768